000 01900cam a22002174a 4500
005 20250605164031.0
008 250528s ||||||||||||||||||||||||d
035 _a16629
020 _a9603220051
040 _aGR-AtMCL
_bgre
_dGR-AtMCL
_eAACR2
245 1 _aΙστορία του Ελληνικού Κινηματογράφου / Γ' Τόμος Ε' 'Εκδοση Αναθεωρημένη
250 _a
260 _bΑιγόκερως,
_c1990
300 _a272
505 0 _aΗ Ελληνική Κωμωδία: Τα Παιδιά του Καραγκιόζη και της Γκάφας, Μικρή εισαγωγή στη Δεκαετία του '60, Παρένθεση Σχετική με την ''Προιστορία'' του Ντοκυμαντέρ και της Ταινίας Μικρού Μήκους, Η Θέσπιση της Εβδομάδας (Φεστιβάλ) Ελληνικού Κινηματογράφου, Η Αρχή της Δεκαετίας του '60 και κάποια Συνοπτικά Φιλμογραφικά Στοιχεία, 1961-1962, 1962-1963, 1963-1964, 1964-1965, 1965-1966, 1966-1967.
520 _aΗ Ελληνική Κωμωδία: Τα Παιδιά του Καραγκιόζη και της Γκάφας, Μικρή εισαγωγή στη Δεκαετία του '60, Παρένθεση Σχετική με την ''Προιστορία'' του Ντοκυμαντέρ και της Ταινίας Μικρού Μήκους, Η Θέσπιση της Εβδομάδας (Φεστιβάλ) Ελληνικού Κινηματογράφου, Η Αρχή της Δεκαετίας του '60 και κάποια Συνοπτικά Φιλμογραφικά Στοιχεία, 1961-1962, 1962-1963, 1963-1964, 1964-1965, 1965-1966, 1966-1967.
700 1 _aΣολδατός Γιάννης
_92716
942 _cBK
999 _c2108
_d2108